| 000 -LEADER |
| fixed length control field |
00698cam a2200217 4500 |
| 001 - CONTROL NUMBER |
| control field |
475 |
| 003 - CONTROL NUMBER IDENTIFIER |
| control field |
BD-DhUAP |
| 005 - DATE AND TIME OF LATEST TRANSACTION |
| control field |
20210123131219.0 |
| 008 - FIXED-LENGTH DATA ELEMENTS--GENERAL INFORMATION |
| fixed length control field |
200211s1969 ohu 001 0 eng |
| 040 ## - CATALOGING SOURCE |
| Original cataloging agency |
BD-DhUAP |
| Transcribing agency |
BD-DhUAP |
| Modifying agency |
BD-DhUAP |
| Language of cataloging |
Eng |
| 082 00 - DEWEY DECIMAL CLASSIFICATION NUMBER |
| Classification number |
340.0973 AND |
| Edition number |
23 |
| 100 1# - MAIN ENTRY--PERSONAL NAME |
| Personal name |
Anderson, Ronald A. |
| 245 10 - TITLE STATEMENT |
| Title |
Social forces and the law; |
| Remainder of title |
a guide for the businessman and the citizen |
| Statement of responsibility, etc. |
Ronald A. Anderson. |
| 260 ## - PUBLICATION, DISTRIBUTION, ETC. |
| Place of publication, distribution, etc. |
Cincinnati, |
| Name of publisher, distributor, etc. |
South-western Pub. Co., |
| Date of publication, distribution, etc. |
c1969. |
| 300 ## - PHYSICAL DESCRIPTION |
| Extent |
xiv, 594 pages ; |
| Dimensions |
24 cm. |
| 500 ## - GENERAL NOTE |
| General note |
Includes index. |
| 650 #0 - SUBJECT ADDED ENTRY--TOPICAL TERM |
| Topical term or geographic name entry element |
Commercial law |
| Geographic subdivision |
United States. |
| 650 #0 - SUBJECT ADDED ENTRY--TOPICAL TERM |
| Topical term or geographic name entry element |
Law |
| Geographic subdivision |
United States. |
| 906 ## - LOCAL DATA ELEMENT F, LDF (RLIN) |
| a |
7 |
| b |
cbc |
| c |
orignew |
| d |
u |
| e |
ncip |
| f |
19 |
| g |
y-gencatlg |
| 942 ## - ADDED ENTRY ELEMENTS (KOHA) |
| Source of classification or shelving scheme |
|
| Koha item type |
Book |